[Event "FLORIPA CHESS OPEN 2015"]
[Site "Florianopolis/SC"]
[Date "2015.01.14"]
[Round "2"]
[Board "42"]
[White "Casarin, Luis Marcio Pinhatti"]
[Black "Starke, Bruno Orlando"]
[Result "0-1"]
[WhiteElo "1851"]
[BlackElo "2103"]
[PlyCount "34"]
[EventDate "2015.01.14"]
[EventRounds "10"]
[EventCountry "BRA"]

1. c4 e6 2. Nc3 d5 3. e3 Nf6 4. Nf3 a6 5. a3 dxc4 6. Bxc4 b5 7. Be2 c5 8. b4
cxb4 9. axb4 Bb7 10. Qb3 Nbd7 11. O-O Bd6 12. Ne1 Qb8 13. h3 O-O 14. Bb2 Nd5
15. Bf3 N7b6 16. Nxd5 Bxd5 17. Bxd5 Nxd5 {Ilegivel} 0-1

[Event "FLORIPA CHESS OPEN 2015"]
[Site "Florianopolis/SC"]
[Date "2015.01.14"]
[Round "2"]
[Board "43"]
[White "Silva, Lucas Henrique Da"]
[Black "Sena Moura, Danielle"]
[Result "1-0"]
[WhiteElo "2096"]
[BlackElo "1841"]
[PlyCount "31"]
[EventDate "2015.01.14"]
[EventRounds "10"]
[EventCountry "BRA"]

1. d4 Nf6 2. Nf3 g6 3. Bf4 d5 4. e3 Bg7 5. Be2 c5 6. O-O Nc6 7. Nc3 a6 8. h3
O-O 9. Ne5 cxd4 10. Nxc6 bxc6 11. exd4 Nd7 12. Na4 e5 13. Be3 Qa5 14. c3 f5 15.
dxe5 Nxe5 16. Bb6 1-0

[Event "FLORIPA CHESS OPEN 2015"]
[Site "Florianopolis/SC"]
[Date "2015.01.14"]
[Round "2"]
[Board "44"]
[White "Boabaid, Jorge Alberto Duardes"]
[Black "Fonseca, Luis Ernesto Serra Az"]
[Result "0-1"]
[WhiteElo "1846"]
[BlackElo "2088"]
[PlyCount "81"]
[EventDate "2015.01.14"]
[EventRounds "10"]
[EventCountry "BRA"]

1. e4 c5 2. Nf3 d6 3. d4 cxd4 4. Nxd4 Nf6 5. Nc3 g6 6. Be3 Bg7 7. f3 Nc6 8. Qd2
O-O 9. O-O-O d5 10. exd5 Nxd5 11. Nxc6 bxc6 12. Bd4 e5 13. Bc5 Be6 14. Bc4 Re8
15. Ne4 Qc7 16. Qf2 Bh6+ 17. Rd2 Red8 18. Bb3 f5 19. Nf6+ Kg7 20. Nxd5 Bxd2+
21. Qxd2 Bxd5 22. Qc3 Bxb3 23. axb3 Rd5 24. Re1 Kg8 25. h4 Qd8 26. g3 h5 27.
Qe3 Qa5 28. Ba3 Rad8 29. b4 Qb6 30. Qg5 R8d6 31. Kb1 Qf2 32. Rc1 Qd2 33. Qxd2
Rxd2 34. b5 Re6 35. bxc6 Rxc6 36. Re1 Re6 37. f4 e4 38. Re3 Rc6 39. c3 Rc7 40.
Kc1 Rcd7 41. Bc5 0-1

[Event "FLORIPA CHESS OPEN 2015"]
[Site "Florianopolis/SC"]
[Date "2015.01.14"]
[Round "2"]
[Board "45"]
[White "Mello, Amanda Carolina De"]
[Black "Prol Medeiros, Horacio"]
[Result "0-1"]
[WhiteElo "1844"]
[BlackElo "2085"]
[PlyCount "104"]
[EventDate "2015.01.14"]
[EventRounds "10"]
[EventCountry "BRA"]

1. c4 Nf6 2. Nc3 d5 3. cxd5 Nxd5 4. d4 g6 5. Nf3 Bg7 6. e3 O-O 7. Bc4 Nxc3 8.
bxc3 c5 9. O-O Qa5 10. a4 Qxc3 11. Qb3 cxd4 12. exd4 Qxb3 13. Bxb3 Nc6 14. Be3
Bg4 15. Bd5 Rac8 16. Rab1 b6 17. Bxc6 Rxc6 18. Ne5 Bxe5 19. dxe5 Bf5 20. Rb2
Rfc8 21. h3 Rc4 22. Ra1 Re4 23. a5 Rxe5 24. axb6 axb6 25. Rxb6 f6 26. Ra7 Kf7
27. Rbb7 Be4 28. Rb6 g5 29. Bd4 Re6 30. Rb5 h5 31. Be3 g4 32. h4 g3 33. f3 Bxf3
34. gxf3 Rxe3 35. Kg2 Rg8 36. Rb2 f5 37. Ra4 Kf6 38. Rb6+ e6 39. Rb2 Re1 40.
Rc2 Ke5 41. f4+ Kd5 42. Rd2+ Kc5 43. Ra3 Rg4 44. Rxg3 Rxg3+ 45. Kxg3 Re3+ 46.
Kg2 Kc4 47. Rd7 Rd3 48. Rc7+ Kd5 49. Rh7 Ke4 50. Rxh5 Kxf4 51. Rg5 e5 52. Rg8
Rd2+ 0-1

[Event "FLORIPA CHESS OPEN 2015"]
[Site "Florianopolis/SC"]
[Date "2015.01.14"]
[Round "2"]
[Board "46"]
[White "Zini, Jhone Marcelo"]
[Black "Lorensetti, Jesse Emanoel"]
[Result "1-0"]
[WhiteElo "2082"]
[BlackElo "1831"]
[PlyCount "53"]
[EventDate "2015.01.14"]
[EventRounds "10"]
[EventCountry "BRA"]

1. e4 d5 2. exd5 Qxd5 3. Nc3 Qd6 4. d4 Nf6 5. Nf3 c6 6. g3 Bg4 7. Bg2 e6 8. O-O
Be7 9. a3 O-O 10. Bf4 Qd8 11. h3 Bh5 12. g4 Bg6 13. Ne5 Nd5 14. Bg3 Nd7 15.
Nxg6 hxg6 16. Ne2 N7b6 17. Qd3 Qd7 18. c4 Nf6 19. Rfd1 Rfd8 20. Qb3 Rf8 21. a4
Rad8 22. a5 Nc8 23. a6 b5 24. Rac1 bxc4 25. Qxc4 c5 26. Qb3 cxd4 27. Bc6 1-0

[Event "FLORIPA CHESS OPEN 2015"]
[Site "Florianopolis/SC"]
[Date "2015.01.14"]
[Round "2"]
[Board "47"]
[White "Rippel Junior, Jair"]
[Black "Da Cruz, Karoliny Taiane"]
[Result "1-0"]
[WhiteElo "2058"]
[BlackElo "1798"]
[PlyCount "53"]
[EventDate "2015.01.14"]
[EventRounds "10"]
[EventCountry "BRA"]

1. d4 Nf6 2. c4 e6 3. Nc3 c5 4. d5 exd5 5. Nxd5 Nxd5 6. Qxd5 d6 7. Nf3 Nc6 8.
a3 Be6 9. Qd3 Ne5 10. Nxe5 dxe5 11. e3 Be7 12. Qc2 O-O 13. Bd3 f5 14. Bd2 Qc7
15. O-O a6 16. h3 b5 17. cxb5 c4 18. bxa6 Rxa6 19. g4 Rc6 20. Bxf5 Bxf5 21.
gxf5 Rb8 22. Bc3 Rb3 23. Rad1 Ra6 24. f4 Bf6 25. fxe5 Bxe5 26. Bxe5 Qxe5 27.
Qxc4+ 1-0

[Event "FLORIPA CHESS OPEN 2015"]
[Site "Florianopolis/SC"]
[Date "2015.01.14"]
[Round "2"]
[Board "48"]
[White "Luz, Arthur Nader"]
[Black "Idalgo, Robson Farias"]
[Result "1-0"]
[WhiteElo "2041"]
[BlackElo "1707"]
[PlyCount "58"]
[EventDate "2015.01.14"]
[EventRounds "10"]
[EventCountry "BRA"]

1. d4 Nf6 2. c4 e6 3. Nf3 Bb4+ 4. Nc3 Bxc3+ 5. bxc3 b6 6. e3 O-O 7. Bd3 Bb7 8.
Qc2 c5 9. e4 h6 10. e5 Ne8 11. O-O d6 12. Ba3 Nd7 13. Rad1 Qc7 14. exd6 Nxd6
15. d5 Rae8 16. Bc1 e5 17. Rde1 f5 18. Nh4 e4 19. Be2 g5 20. Bh5 gxh4 21. Bxh6
Nf7 22. Bxf8 Rxf8 23. Bxf7+ Rxf7 24. Qd2 Ne5 25. f3 Nxc4 26. Qg5+ Rg7 27. Qxh4
Nd2 28. Rf2 Bc8 29. Qh5 exf3 1-0

[Event "FLORIPA CHESS OPEN 2015"]
[Site "Florianopolis/SC"]
[Date "2015.01.14"]
[Round "2"]
[Board "49"]
[White "Lazzarotto, Marcio"]
[Black "Campos, Anna Carolina"]
[Result "1-0"]
[WhiteElo "2035"]
[BlackElo "1576"]
[PlyCount "43"]
[EventDate "2015.01.14"]
[EventRounds "10"]
[EventCountry "BRA"]

1. d4 Nf6 2. c4 c5 3. e3 g6 4. Nf3 Bg7 5. Nc3 O-O 6. Be2 cxd4 7. exd4 d6 8. O-O
Bf5 9. Qb3 Qd7 10. Bf4 Nh5 11. Be3 Nf6 12. Rac1 Nc6 13. Rfd1 h6 14. c5 d5 15.
Ne5 Qc7 16. Bf4 Rad8 17. Nxg6 Qd7 18. Nxf8 Kxf8 19. Bf3 Bg4 20. Ne2 Bf5 21. Qe3
h5 22. Bh6 1-0

[Event "FLORIPA CHESS OPEN 2015"]
[Site "Florianopolis/SC"]
[Date "2015.01.14"]
[Round "2"]
[Board "50"]
[White "Martins, Arthur Francisco"]
[Black "Cella, Glaucio Dalla Cortt"]
[Result "0-1"]
[WhiteElo "1748"]
[BlackElo "2033"]
[PlyCount "53"]
[EventDate "2015.01.14"]
[EventRounds "10"]
[EventCountry "BRA"]

1. Nf3 c5 2. b3 Nf6 3. Bb2 Nc6 4. e3 g6 5. c4 Bg7 6. Nc3 O-O 7. d4 cxd4 8. Nxd4
Nxd4 9. exd4 d5 10. Bd3 dxc4 11. Bxc4 a6 12. O-O b5 13. Be2 Bb7 14. Qd3 Qd6 15.
Bf3 Bxf3 16. Qxf3 Qxd4 17. Rad1 Qa7 18. Nd5 Ne8 19. Nxe7+ Qxe7 20. Qxa8 Bxb2
21. Rfe1 Qa3 22. Rd8 Nc7 23. Qc6 Ne6 24. Rd6 Qxa2 25. Qxa6 Qxb3 26. Rb1 Qa3 27.
Rc6 0-1

[Event "FLORIPA CHESS OPEN 2015"]
[Site "Florianopolis/SC"]
[Date "2015.01.15"]
[Round "3"]
[Board "1"]
[White "Bachmann, Axel"]
[Black "Villalba, Marcelo"]
[Result "1-0"]
[WhiteElo "2629"]
[BlackElo "2201"]
[PlyCount "59"]
[EventDate "2015.01.14"]
[EventRounds "10"]
[EventCountry "BRA"]

1. Nf3 Nf6 2. c4 c5 3. g3 g6 4. d4 Bg7 5. Bg2 O-O 6. O-O Nc6 7. Nc3 cxd4 8.
Nxd4 Ng4 9. e3 Nh6 10. Nde2 Nf5 11. b3 a6 12. Bb2 b5 13. cxb5 axb5 14. Qd2 Ba6
15. Nd5 Bxb2 16. Qxb2 b4 17. Rfc1 Ra7 18. e4 Ng7 19. Nd4 Bb7 20. Nxc6 Bxc6 21.
Qd4 Rb7 22. Nxb4 Ne6 23. Qc3 Rc7 24. Qe3 Bb7 25. Nd5 Rxc1+ 26. Rxc1 Bc6 27. b4
Re8 28. Qa7 Nf8 29. a4 e6 30. Nc7 1-0

[Event "FLORIPA CHESS OPEN 2015"]
[Site "Florianopolis/SC"]
[Date "2015.01.15"]
[Round "3"]
[Board "3"]
[White "Matsuura, Everaldo"]
[Black "Crespo De Oliveira, Lucas"]
[Result "1-0"]
[WhiteElo "2505"]
[BlackElo "2194"]
[PlyCount "65"]
[EventDate "2015.01.14"]
[EventRounds "10"]
[EventCountry "BRA"]

1. d4 Nf6 2. c4 c5 3. d5 e6 4. Nc3 exd5 5. cxd5 d6 6. e4 g6 7. f3 Bg7 8. Bg5
O-O 9. Qd2 a6 10. a4 Re8 11. Nge2 Nbd7 12. Nc1 Rb8 13. Be2 Qc7 14. O-O Ne5 15.
f4 Ned7 16. e5 dxe5 17. d6 Qa5 18. fxe5 Rxe5 19. Bc4 b5 20. Nd3 Re8 21. axb5
Qb6 22. Nf4 Ne5 23. Ba2 c4+ 24. Kh1 Bf5 25. Nfd5 Nxd5 26. Nxd5 Qxd6 27. Nf6+
Qxf6 28. Bxf6 Bxf6 29. bxa6 Ra8 30. Bb1 Nd3 31. h3 Bxb2 32. Bxd3 Bxa1 33. Bxf5
 1-0

[Event "FLORIPA CHESS OPEN 2015"]
[Site "Florianopolis/SC"]
[Date "2015.01.15"]
[Round "3"]
[Board "4"]
[White "Paniagua Chnelik, Sebastian"]
[Black "Di Berardino, Diego Rafael"]
[Result "0-1"]
[WhiteElo "2197"]
[BlackElo "2484"]
[PlyCount "84"]
[EventDate "2015.01.14"]
[EventRounds "10"]
[EventCountry "BRA"]

1. d4 Nf6 2. c4 e6 3. Nf3 b6 4. g3 Bb7 5. Bg2 Be7 6. O-O O-O 7. Nc3 Ne4 8. Qd3
d5 9. Ne5 Nxc3 10. bxc3 Nd7 11. Nxd7 Qxd7 12. cxd5 exd5 13. a4 a5 14. Ba3 Bxa3
15. Rxa3 Rfe8 16. c4 c6 17. cxd5 cxd5 18. Qd2 Ba6 19. Bf3 Bc4 20. Rb1 Rab8 21.
Rb2 g6 22. Ra1 Kg7 23. Kg2 h6 24. h4 Qd6 25. Rbb1 Rbc8 26. e3 Rc6 27. Qb2 Qf6
28. Rc1 Rd6 29. Qd2 Qf5 30. Be2 Qe4+ 31. Bf3 Qe6 32. Be2 Qe4+ 33. Bf3 Qe6 34.
Qb2 Qf6 35. Qd2 Rc6 36. Rab1 Qf5 37. Qb2 Rf6 38. Bd1 Rxe3 39. fxe3 Qf1+ 40. Kh2
Rf2+ 41. Qxf2 Qxf2+ 42. Kh1 Bd3 0-1

[Event "FLORIPA CHESS OPEN 2015"]
[Site "Florianopolis/SC"]
[Date "2015.01.15"]
[Round "3"]
[Board "6"]
[White "Madeira, Wagner Martins"]
[Black "Barbosa, Evandro Amorim"]
[Result "0-1"]
[WhiteElo "2191"]
[BlackElo "2449"]
[PlyCount "62"]
[EventDate "2015.01.14"]
[EventRounds "10"]
[EventCountry "BRA"]

1. Nf3 c5 2. c4 Nc6 3. g3 g6 4. Bg2 Bg7 5. O-O d6 6. Nc3 Qd7 7. a3 b6 8. d3
Bxc3 9. bxc3 f5 10. Ng5 Bb7 11. e4 h6 12. Nh3 fxe4 13. Nf4 Ne5 14. d4 Nf3+ 15.
Bxf3 exf3 16. d5 Nf6 17. Nxg6 Rg8 18. Nf4 Qf5 19. Qxf3 e5 20. Qe2 O-O-O 21. Ng2
Qh3 22. Ne3 Nh5 23. Ng2 Ba6 24. a4 Nf6 25. Ne3 Ng4 26. Nxg4 Rxg4 27. f4 Rdg8
28. Rf3 h5 29. fxe5 Bxc4 30. Qf2 Bxd5 31. exd6 Bxf3 0-1

[Event "FLORIPA CHESS OPEN 2015"]
[Site "Florianopolis/SC"]
[Date "2015.01.15"]
[Round "3"]
[Board "7"]
[White "Rodriguez Vila, Andres"]
[Black "Abrantes, Tiago Garrido"]
[Result "1-0"]
[WhiteElo "2444"]
[BlackElo "2147"]
[PlyCount "30"]
[EventDate "2015.01.14"]
[EventRounds "10"]
[EventCountry "BRA"]

1. e4 e5 2. Nf3 Nc6 3. Bc4 Bc5 4. c3 Nf6 5. d3 a6 6. O-O Ba7 7. Re1 d6 8. Bb3
O-O 9. Bg5 h6 10. Bh4 Qe7 11. Nbd2 Nd8 12. d4 g5 13. Bg3 Nh5 14. Nxe5 dxe5 15.
Qxh5 exd4 1-0

[Event "FLORIPA CHESS OPEN 2015"]
[Site "Florianopolis/SC"]
[Date "2015.01.15"]
[Round "3"]
[Board "8"]
[White "Stamenkovic, Dragan"]
[Black "Borges, Victor Hugo Moreira"]
[Result "0-1"]
[WhiteElo "2409"]
[BlackElo "2143"]
[PlyCount "90"]
[EventDate "2015.01.14"]
[EventRounds "10"]
[EventCountry "BRA"]

1. d4 Nf6 2. Bg5 Ne4 3. Bf4 d5 4. e3 c5 5. Bd3 Nf6 6. c3 Nc6 7. Nd2 Bg4 8. Ngf3
e6 9. Qa4 Bxf3 10. Nxf3 Bd6 11. Bb5 O-O 12. dxc5 Bxf4 13. exf4 Ne4 14. Bxc6
bxc6 15. O-O Nxc5 16. Qxc6 Nd3 17. f5 Qf6 18. fxe6 fxe6 19. Nd4 Rae8 20. g3 Ne5
21. Qa6 Nc4 22. f4 e5 23. Qxf6 gxf6 24. Nf5 Nxb2 25. Rab1 Nd3 26. Rb7 exf4 27.
gxf4 Re2 28. Rf3 Re1+ 29. Kg2 Re2+ 30. Kh3 Nf2+ 31. Kh4 Ne4 32. h3 Kh8 33. Rxa7
Rg2 34. a4 Rfg8 35. Rd7 Nd2 36. Rg3 R2xg3 37. Nxg3 Nf3+ 38. Kh5 Rxg3 39. Rxd5
Ne1 40. Rd8+ Kg7 41. Rd7+ Kf8 42. a5 Ke8 43. Rb7 Ng2 44. a6 Nxf4+ 45. Kh6 Rg5
 0-1

[Event "FLORIPA CHESS OPEN 2015"]
[Site "Florianopolis/SC"]
[Date "2015.01.15"]
[Round "3"]
[Board "9"]
[White "Oliveira, Fernando Henrique"]
[Black "Molina, Roberto Junio Brito"]
[Result "1/2-1/2"]
[WhiteElo "2162"]
[BlackElo "2408"]
[PlyCount "154"]
[EventDate "2015.01.14"]
[EventRounds "10"]
[EventCountry "BRA"]

1. d4 Nf6 2. c4 e6 3. Nc3 Bb4 4. e3 O-O 5. Nge2 d5 6. a3 Bd6 7. Ng3 c5 8. dxc5
Bxc5 9. b4 Bb6 10. cxd5 exd5 11. Be2 Nc6 12. Na4 Bc7 13. Bb2 Qe7 14. Nc5 d4 15.
exd4 Re8 16. Rc1 h5 17. Kf1 h4 18. Nh5 Nxh5 19. Bxh5 Bf5 20. Bg4 Bg6 21. g3 Bd6
22. Kg2 b6 23. Nb3 Be4+ 24. Bf3 Qd7 25. Re1 Bxf3+ 26. Qxf3 Ne7 27. Nd2 Ng6 28.
Nc4 Rac8 29. Nxd6 Qxd6 30. Rxc8 Rxc8 31. Qe4 Rd8 32. Re2 Rd7 33. Qa8+ Kh7 34.
Qf3 Rd8 35. Qxf7 Qc6+ 36. Kg1 Rd7 37. Re6 Rxf7 38. Rxc6 Rd7 39. Kg2 Ne7 40. Re6
Nd5 41. Re5 hxg3 42. hxg3 Kg6 43. f4 Nf6 44. Kf3 Rc7 45. Re2 Kf7 46. g4 Rc8 47.
g5 Nd5 48. f5 g6 49. fxg6+ Kxg6 50. Kg4 Rc6 51. Re5 Nc7 52. Re2 Nd5 53. b5 Rc4
54. Re6+ Kf7 55. Rc6 Ra4 56. Kh5 Ra5 57. Kh6 Rxb5 58. g6+ Ke7 59. Bc1 Kd7 60.
Rc2 Rb3 61. Rg2 Rh3+ 62. Kg5 Ke7 63. Re2+ Kf8 64. Bf4 Nxf4 65. Kxf4 Kg7 66.
Re7+ Kxg6 67. Rxa7 Kf6 68. a4 Ke6 69. Ke4 Rh4+ 70. Kd3 Kd5 71. Rd7+ Kc6 72. Rg7
Rh1 73. Rg6+ Kd5 74. Rg5+ Kc6 75. a5 bxa5 76. Rxa5 Kd6 77. Rg5 Rd1+ 1/2-1/2

[Event "FLORIPA CHESS OPEN 2015"]
[Site "Florianopolis/SC"]
[Date "2015.01.15"]
[Round "3"]
[Board "10"]
[White "Quintiliano Pinto, Renato R."]
[Black "Maia, Jose Eduardo Bastos O."]
[Result "1-0"]
[WhiteElo "2364"]
[BlackElo "2131"]
[PlyCount "25"]
[EventDate "2015.01.14"]
[EventRounds "10"]
[EventCountry "BRA"]

1. d4 Nf6 2. c4 g6 3. Nc3 d5 4. Nf3 Bg7 5. Qa4+ Bd7 6. Qb3 dxc4 7. Qxc4 Na6 8.
e4 O-O 9. Bf4 c6 10. Be2 Qa5 11. O-O Nxe4 12. Nxe4 Qf5 13. Nc5 1-0

[Event "FLORIPA CHESS OPEN 2015"]
[Site "Florianopolis/SC"]
[Date "2015.01.15"]
[Round "3"]
[Board "11"]
[White "Calcado, Acyr Rogerio"]
[Black "Gazel, Frederico"]
[Result "1/2-1/2"]
[WhiteElo "2133"]
[BlackElo "2292"]
[PlyCount "117"]
[EventDate "2015.01.14"]
[EventRounds "10"]
[EventCountry "BRA"]

1. e4 e5 2. Nf3 Nc6 3. Bb5 a6 4. Ba4 Nf6 5. O-O Be7 6. Re1 b5 7. Bb3 d6 8. c3
O-O 9. h3 Na5 10. Bc2 c5 11. d4 Nd7 12. Nbd2 exd4 13. cxd4 Nc6 14. Nf1 cxd4 15.
Nxd4 Nxd4 16. Qxd4 Ne5 17. Qd1 Be6 18. Ne3 Rc8 19. Bd2 Bf6 20. Bc3 Qb6 21. Kh1
Nd7 22. Bxf6 Nxf6 23. a4 Rfe8 24. axb5 axb5 25. f3 Qc5 26. Bb3 Qe5 27. Bxe6
Rxe6 28. Qb3 g6 29. Red1 Rc5 30. Ra8+ Kg7 31. Ra7 h5 32. Rb7 h4 33. Nd5 Nxd5
34. exd5 Re8 35. Rxb5 Rcc8 36. Qd3 Qg3 37. Qd2 Re7 38. Rb4 Rce8 39. Re4 Rxe4
40. fxe4 Rxe4 41. Rf1 Qe5 42. Qf2 f6 43. Rd1 g5 44. Qa7+ Kg6 45. Qb7 Re2 46.
Qc8 Re1+ 47. Rxe1 Qxe1+ 48. Kh2 Qe5+ 49. Kh1 Qxd5 50. b4 Qb5 51. Qc2+ Kf7 52.
Qc7+ Ke6 53. Qc8+ Ke5 54. Qc3+ Kf5 55. Qc2+ Kf4 56. Qd2+ Ke5 57. Qc3+ Kf5 58.
Qc2+ Kf4 59. Qd2+ 1/2-1/2

[Event "FLORIPA CHESS OPEN 2015"]
[Site "Florianopolis/SC"]
[Date "2015.01.15"]
[Round "3"]
[Board "12"]
[White "Matsuura, Frederico"]
[Black "Silva, Lucas Henrique Da"]
[Result "1/2-1/2"]
[WhiteElo "2289"]
[BlackElo "2096"]
[PlyCount "140"]
[EventDate "2015.01.14"]
[EventRounds "10"]
[EventCountry "BRA"]

1. d4 e6 2. e4 d5 3. Nd2 dxe4 4. Nxe4 Bd7 5. Nf3 Bc6 6. Bd3 Nd7 7. O-O Ngf6 8.
Ng3 Be7 9. b3 O-O 10. c4 b6 11. Bb2 Bb7 12. Qe2 c5 13. Rad1 cxd4 14. Nxd4 Qc7
15. Bb1 Rfe8 16. Qc2 Nf8 17. Qc3 Ng6 18. Nb5 Qb8 19. Ne4 Rd8 20. Rxd8+ Qxd8 21.
Ng5 a6 22. Nd4 Qc7 23. Qh3 Nf4 24. Bxh7+ Kf8 25. Qe3 e5 26. Qxf4 exf4 27. Nge6+
fxe6 28. Nxe6+ Kf7 29. Nxc7 Rc8 30. Bc2 Rxc7 31. Be5 Rd7 32. Bxf4 Bc5 33. h3
Be4 34. Bxe4 Nxe4 35. g3 Ke6 36. h4 Kf5 37. Kg2 Rd3 38. f3 Nf6 39. Re1 Rc3 40.
Re5+ Kg6 41. Re2 Rd3 42. g4 Rd1 43. Bh2 a5 44. h5+ Kf7 45. Bf4 Rd3 46. Rd2
Rxd2+ 47. Bxd2 Ne8 48. f4 Nc7 49. Kf3 Na6 50. Ke4 Nb4 51. a4 Nc6 52. Bc3 Ne7
53. g5 Bd6 54. f5 Ng8 55. Kd5 Bf4 56. g6+ Kf8 57. Ke6 Be3 58. b4 axb4 59. Bxb4+
Ke8 60. Bc3 Kf8 61. a5 bxa5 62. Bxa5 Nf6 63. Bc7 Bc5 64. Be5 Nxh5 65. Kd5 Be7
66. c5 Nf6+ 67. Ke6 Bxc5 68. Bxf6 gxf6 69. Kxf6 Bd4+ 70. Ke6 Kg7 1/2-1/2

[Event "FLORIPA CHESS OPEN 2015"]
[Site "Florianopolis/SC"]
[Date "2015.01.15"]
[Round "3"]
[Board "13"]
[White "Pires, Marcos Vinicius Torsani"]
[Black "Zini, Jhone Marcelo"]
[Result "1-0"]
[WhiteElo "2274"]
[BlackElo "2082"]
[PlyCount "115"]
[EventDate "2015.01.14"]
[EventRounds "10"]
[EventCountry "BRA"]

1. Nf3 Nf6 2. c4 g6 3. Nc3 Bg7 4. e4 d6 5. d4 O-O 6. Be2 Nbd7 7. O-O e5 8. Be3
c6 9. d5 c5 10. Ne1 Ne8 11. g4 f5 12. gxf5 gxf5 13. exf5 Nb6 14. Nf3 Bxf5 15.
Ng5 Nc7 16. Kh1 h6 17. Nge4 Ne8 18. Rg1 Qh4 19. f3 Kh8 20. Qd2 Nc8 21. Bf2 Qf4
22. Qe1 Bh7 23. Rg4 Qf7 24. Bh4 Ne7 25. Bxe7 Qxe7 26. Qd2 a6 27. Rag1 Rg8 28.
Bd3 Nf6 29. Nxf6 Qxf6 30. Bxh7 Kxh7 31. Qd3+ Kh8 32. Ne4 Qe7 33. Rg6 Rad8 34.
Re6 Qf8 35. b3 Qf4 36. Rxd6 Rxd6 37. Nxd6 e4 38. Nxe4 Bd4 39. Rxg8+ Kxg8 40.
Kg2 Be5 41. Ng3 Qg5 42. Qe4 Bxg3 43. hxg3 Qd2+ 44. Kh3 Qd1 45. Qg6+ Kf8 46.
Qxh6+ Ke7 47. Qe6+ Kf8 48. Qc8+ Kg7 49. Qxb7+ Kg6 50. Qc6+ Kg5 51. f4+ Kh5 52.
Qe8+ Kh6 53. Qe6+ Kh7 54. Kh4 Qh1+ 55. Kg5 Qg2 56. g4 Qg3 57. Qd7+ Kg8 58. Kg6
 1-0

[Event "FLORIPA CHESS OPEN 2015"]
[Site "Florianopolis/SC"]
[Date "2015.01.15"]
[Round "3"]
[Board "14"]
[White "Starke, Bruno Orlando"]
[Black "Delgado, Lidio Dias"]
[Result "1/2-1/2"]
[WhiteElo "2103"]
[BlackElo "2262"]
[PlyCount "39"]
[EventDate "2015.01.14"]
[EventRounds "10"]
[EventCountry "BRA"]

1. d4 Nf6 2. c4 c5 3. Nf3 cxd4 4. Nxd4 b6 5. Nc3 Bb7 6. f3 d6 7. e4 e6 8. Be3
Be7 9. Be2 O-O 10. O-O a6 11. Qe1 Nbd7 12. Qg3 Re8 13. Rfd1 Rc8 14. Rac1 Qc7
15. Qf2 Qb8 16. g4 g6 17. g5 Nh5 18. f4 Nxf4 19. Qxf4 e5 20. Qg4 1/2-1/2

[Event "FLORIPA CHESS OPEN 2015"]
[Site "Florianopolis/SC"]
[Date "2015.01.15"]
[Round "3"]
[Board "15"]
[White "Bueno, Alfeu Junior Varela"]
[Black "Rippel Junior, Jair"]
[Result "1-0"]
[WhiteElo "2251"]
[BlackElo "2058"]
[PlyCount "37"]
[EventDate "2015.01.14"]
[EventRounds "10"]
[EventCountry "BRA"]

1. e4 b6 2. d4 Bb7 3. Bd3 Nc6 4. c3 e6 5. Nf3 d5 6. Nbd2 Nf6 7. Qe2 dxe4 8.
Nxe4 Be7 9. Bf4 h6 10. O-O-O Nxe4 11. Bxe4 Bd6 12. Bxd6 Qxd6 13. d5 Qf4+ 14.
Rd2 Ne7 15. g3 Qf6 16. d6 Bxe4 17. Qxe4 O-O 18. dxe7 Qxe7 19. Ne5 1-0

[Event "FLORIPA CHESS OPEN 2015"]
[Site "Florianopolis/SC"]
[Date "2015.01.15"]
[Round "3"]
[Board "16"]
[White "Dejeanne, Francisco"]
[Black "Luz, Arthur Nader"]
[Result "0-1"]
[WhiteElo "2240"]
[BlackElo "2041"]
[PlyCount "62"]
[EventDate "2015.01.14"]
[EventRounds "10"]
[EventCountry "BRA"]

1. d4 Nf6 2. c4 g6 3. Nc3 Bg7 4. e4 d6 5. f3 O-O 6. Be3 Nbd7 7. Qd2 c5 8. Nge2
a6 9. Rd1 b6 10. Bh6 Rb8 11. h4 Bxh6 12. Qxh6 e5 13. h5 Qe7 14. g4 Bb7 15. g5
Nxh5 16. Ng3 f5 17. Nxh5 gxh5 18. Rxh5 fxe4 19. fxe4 Qf7 20. Be2 exd4 21. g6
Qf2+ 22. Kd2 dxc3+ 23. Kxc3 Nf6 24. gxh7+ Kh8 25. Rh2 Qg3+ 26. Rd3 Qe5+ 27. Kb3
Nxe4 28. Re3 b5 29. Kc2 Qd4 30. Rd3 Qxc4+ 31. Rc3 Qa4+ 0-1

[Event "FLORIPA CHESS OPEN 2015"]
[Site "Florianopolis/SC"]
[Date "2015.01.15"]
[Round "3"]
[Board "17"]
[White "Fonseca, Luis Ernesto Serra Az"]
[Black "Cruz, William Ferreira Da"]
[Result "0-1"]
[WhiteElo "2088"]
[BlackElo "2238"]
[PlyCount "108"]
[EventDate "2015.01.14"]
[EventRounds "10"]
[EventCountry "BRA"]

1. e4 e6 2. d4 d5 3. Nd2 Be7 4. Ngf3 Nf6 5. Bd3 c5 6. exd5 Qxd5 7. dxc5 Nbd7 8.
O-O Nxc5 9. Bc4 Qd6 10. Qe2 O-O 11. Ne5 Nfd7 12. Ndf3 Nxe5 13. Nxe5 f6 14. Nf3
Kh8 15. Be3 e5 16. Nh4 f5 17. Rfd1 Qf6 18. Nf3 e4 19. Bg5 Qxb2 20. Bxe7 exf3
21. Qxf3 Be6 22. Bxf8 Rxf8 23. Bxe6 Nxe6 24. Qb3 Qf6 25. Re1 Nd4 26. Qa4 b5 27.
Qxa7 Nxc2 28. Rab1 Nxe1 29. Rxe1 h6 30. Qc5 Rb8 31. Qe5 Qxe5 32. Rxe5 g6 33.
Kf1 Kg7 34. Ke2 Kf6 35. Rc5 h5 36. Kd3 Ra8 37. Rc2 Ra4 38. Kc3 Rc4+ 39. Kb3
Rxc2 40. Kxc2 Ke5 41. Kc3 Kd5 42. Kb4 Kc6 43. f4 h4 44. Ka5 Kc5 45. a3 Kc4 46.
Kb6 b4 47. axb4 Kxb4 48. Kc6 Kc4 49. Kd6 Kd4 50. Ke6 Ke4 51. Kf6 Kxf4 52. Kxg6
Kg4 53. g3 h3 54. Kf6 f4 0-1

[Event "FLORIPA CHESS OPEN 2015"]
[Site "Florianopolis/SC"]
[Date "2015.01.15"]
[Round "3"]
[Board "18"]
[White "Cordeiro, Marco Aurelio Zaror"]
[Black "Lazzarotto, Marcio"]
[Result "1-0"]
[WhiteElo "2238"]
[BlackElo "2035"]
[PlyCount "81"]
[EventDate "2015.01.14"]
[EventRounds "10"]
[EventCountry "BRA"]

1. e4 e5 2. Nf3 Nc6 3. Bb5 a6 4. Ba4 Nf6 5. O-O Nxe4 6. d4 exd4 7. Re1 d5 8.
Nxd4 Bd6 9. Qh5 O-O 10. Nxc6 bxc6 11. Nd2 Nf6 12. Qh4 Bd7 13. Nf3 c5 14. Bg5
Bxa4 15. Qxa4 h6 16. Bh4 Qd7 17. Qxd7 Nxd7 18. Rad1 Rab8 19. b3 d4 20. Nd2 f5
21. Be7 Rfe8 22. Bxd6 cxd6 23. Nc4 d5 24. Nd6 Rxe1+ 25. Rxe1 Rf8 26. Re7 Nb6
27. Rc7 Rf6 28. Rc6 Nd7 29. Rxa6 Kh7 30. Kf1 c4 31. Ke1 Nc5 32. Ra5 Re6+ 33.
Kd1 cxb3 34. axb3 Nxb3 35. cxb3 Rxd6 36. b4 Kg6 37. b5 Kf7 38. Ra6 Rd7 39. b6
Ke7 40. Ra7 Kd6 41. b7 1-0

[Event "FLORIPA CHESS OPEN 2015"]
[Site "Florianopolis/SC"]
[Date "2015.01.15"]
[Round "3"]
[Board "20"]
[White "Caetano, Hugo Zanotti Mendonca"]
[Black "Cadilhac, Igor Tokuichi Kikuch"]
[Result "1-0"]
[WhiteElo "2215"]
[BlackElo "2015"]
[PlyCount "141"]
[EventDate "2015.01.14"]
[EventRounds "10"]
[EventCountry "BRA"]

1. d4 Nf6 2. c4 e6 3. Nf3 Bb4+ 4. Nbd2 d5 5. a3 Be7 6. Qc2 O-O 7. e3 Nbd7 8.
Bd3 dxc4 9. Nxc4 c5 10. Nce5 cxd4 11. exd4 Nb6 12. Ng5 g6 13. Ngf3 Nfd7 14. Bh6
Nxe5 15. Nxe5 Qxd4 16. Nf3 Qg4 17. Bxf8 Bxf8 18. O-O Bg7 19. h3 Qf4 20. Rfe1
Bd7 21. Be4 Rc8 22. Qe2 Na4 23. Rad1 Be8 24. Rd2 b5 25. Red1 Bf6 26. Nd4 Nc5
27. Bf3 Qb8 28. Rc2 e5 29. Rdc1 exd4 30. Rxc5 Rd8 31. Qd3 Qf4 32. Rc8 Kg7 33.
Qd1 Bd7 34. Rxd8 Bxd8 35. Bg4 Bxg4 36. hxg4 Bb6 37. Rc2 Qe4 38. Rd2 Qf4 39. Qe2
a6 40. g3 Qf6 41. Qe4 Qd6 42. Kg2 Qf6 43. Rd3 Qd6 44. Rf3 Qc7 45. g5 Qc5 46.
Qb7 Qc7 47. Qd5 Qe7 48. Qc6 Qc7 49. Qxc7 Bxc7 50. Kf1 Bd8 51. Rf4 Bxg5 52. Rxd4
Bc1 53. Rb4 Bd2 54. Rb3 h5 55. Ke2 Bg5 56. Rc3 Bf6 57. Rc2 a5 58. b3 b4 59. a4
Bd8 60. Rc6 Kf8 61. Kf3 Kg7 62. Ke4 h4 63. gxh4 Bxh4 64. f4 Bd8 65. Kd5 g5 66.
fxg5 Bxg5 67. Ra6 Bd8 68. Ra8 Bc7 69. Kc6 Bg3 70. Rxa5 Kf6 71. Rb5 1-0